LEADER 03800nam 2200781 450 001 9910252740803321 005 20201016234438.0 010 $a979-1-03-650114-2 010 $a2-7606-3407-8 024 7 $a10.4000/books.pum.8049 035 $a(CKB)3710000000346832 035 $a(EBL)4384451 035 $a(OCoLC)907785809 035 $a(SSID)ssj0001674866 035 $a(PQKBManifestationID)16477669 035 $a(PQKBTitleCode)TC0001674866 035 $a(PQKBWorkID)15017202 035 $a(PQKB)10125734 035 $a(OOCEL)468109 035 $a(OCoLC)934840607 035 $a(CaBNVSL)kck00236351 035 $a(MiAaPQ)EBC4384451 035 $a(FrMaCLE)OB-pum-8049 035 $a(oapen)https://directory.doabooks.org/handle/20.500.12854/55798 035 $a(VaAlCD)20.500.12592/gjk3bg 035 $a(PPN)224386786 035 $a(EXLCZ)993710000000346832 100 $a20140818h20152014 uy 0 101 0 $afre 135 $aur|n|---||||| 181 $ctxt 182 $cc 183 $acr 200 13$aLe patient et le me?decin /$fMarc Zaffran 210 $cPresses de l?Université de Montréal$d2014 210 1$a[Montre?al Que?bec] :$cLes Presses de l'Universite? de Montre?al,$d[2014] 210 4$d©2014 210 2$aOttawa, Ontario :$cCanadian Electronic Library,$d2015. 215 $a1 online resource (266 p.) 300 $aDescription based upon print version of record. 311 $a2-7606-3406-X 320 $aComprend des re?fe?rences bibliographiques (pages 255-256). 327 $aPre?ambule -- I Des animaux parmi d'autres -- II E?tre soigne?, e?tre soignant -- III Du serment d'Hippocrate a? la bioe?thique moderne -- IV Plus docteurs que soignants : le "cas" des hospitalo-universitaires franc?ais -- V Femmes, me?decins et maltraitance dans la France du XXIe sie?cle -- VI De quelle relation de soin (et de quels me?decins) avons-nous besoin? -- VII J'ai fait un re?ve -- Annexes. 330 $aDans l?esprit de tous, la relation entre patient et médecin est simple et naturelle : l?un demande des soins, l?autre les lui prodigue. La réalité est souvent très différente. Soigner est peut-être naturel quand il s?agit de nos proches, mais les professionnels de la santé n?ont souvent ni la formation ni la motivation pour exercer dans les conditions adéquates. Un peu partout, le monde médical reste marqué par une culture peu propice au souci et au respect de l?autre. Certaines attitudes médicales peuvent même être maltraitantes, en particulier à l?égard des femmes. S?appuyant sur des exemples tirés des contextes français et québécois, Marc Zaffran a voulu aller au fond de cette question, qu?il a souvent abordée dans ses différents ouvrages : comment la relation entre patient et médecin peut-elle cesser d?être un rapport de force et devenir, pleinement, une relation de soin - c?est à dire d?entraide, de soutien et de partage. 606 $aRelations me?decin-patient 606 $aE?thique me?dicale 606 $aPhysician and patient 606 $aPhysicians$xProfessional ethics 606 $aMedical ethics 610 $amédecine 610 $asciences infirmières et service social 610 $asanté 610 $aéthique médicale 610 $aéthique 615 6$aRelations me?decin-patient. 615 6$aE?thique me?dicale. 615 0$aPhysician and patient. 615 0$aPhysicians$xProfessional ethics. 615 0$aMedical ethics. 676 $a610.69/6 700 $aZaffran$b Marc$0884361 801 0$bMiAaPQ 801 1$bMiAaPQ 801 2$bMiAaPQ 906 $aBOOK 912 $a9910252740803321 996 $aLe patient et le me?decin$92278710 997 $aUNINA LEADER 03323nas 2200553 n 450 001 990008927150403321 005 20240229084438.0 011 $a0007-1315 035 $a000892715 035 $aFED01000892715 035 $a(Aleph)000892715FED01 035 $a000892715 091 $2CNR$aP 00018906 100 $a20161109a19509999km-y0itaa50------ba 101 0 $aeng 102 $aGB 110 $aauu-------- 200 1 $a<>British journal of sociology 207 1$a1950- 210 $aLondon$cBlackwell 326 $aTrimestrale 452 0$12001$aThe British journal of sociology 530 0 $a<>British journal of sociology 675 $a30 676 $a301 676 $a301.05 712 02$a<> London School of Economics and Political Science 801 0$aIT$bACNP$c20090723 859 4 $uhttp://acnp.cib.unibo.it/cgi-ser/start/it/cnr/dc-p1.tcl?catno=11230&person=false&language=ITALIANO&libr=&libr_th=unina1$zBiblioteche che possiedono il periodico 901 $aSE 912 $a990008927150403321 958 $aBiblioteca. Dipartimento Matematico Statistico dell'Università Federico II. Napoli$b1955-1966;$c1960-1961;$eDS$fMAS 958 $aBiblioteca. Dipartimento di Economia dell'Università Federico II - Sez. II$b1968;1973-1974;1977;1980-1985;$c1968;$fSES 958 $aBiblioteca della Facoltà di Economia Complesso Universitario Monte S. Angelo- Università degli Studi di Napoli "Federico II"$b1950-2005;$eEC.IV-E-3/EC.VIII-A-3 Dep.$fDECBC 958 $aBiblioteca Centralizzata della Facoltà di Sociologia dell'Università di Napoli "Federico II"$b1950-1979;1982-1985;1987-$c1985;1987;2001;$e301.05 INGL 4$fBFS 958 $aBiblioteca del Dipartimento di Economia e Politica Agraria. Università degli Studi Federico II di Napoli$b1988;1991-1992;$fDAGEA 959 $aMAS 959 $aSES 959 $aDECBC 959 $aBFS 959 $aDAGEA 996 $aBritish journal of sociology$9798564 997 $aUNINA AP1 8 $6866-01$aNA036 Biblioteca. Dipartimento Matematico Statistico dell'Università Federico II. Napoli$bDS$cCDD 301.5$eV. Cintia-Complesso Universitario Monte, 80126 S. Angelo Napoli (NA)$m(081) 675175/76 - 081675011$m081675009$nit AP1 8 $6866-02$aNA037 Biblioteca. Dipartimento di Economia dell'Università Federico II - Sez. II$eVia Cinthia, 45 - Monte S. Angelo, 80126 Napoli (NA)$m(081) 675016/675025$m081/675014$nit AP1 8 $6866-03$aNA042 Biblioteca della Facoltà di Economia Complesso Universitario Monte S. Angelo- Università degli Studi di Napoli "Federico II"$bEC.IV-E-3/EC.VIII-A-3 Dep.$evia Cinthia,26, 80126 Napoli (NA)$m081676647-0816782$m081676684$nit AP1 8 $6866-04$aNA078 Biblioteca Centralizzata della Facoltà di Sociologia dell'Università di Napoli "Federico II"$b301.05 INGL 4$evico Monte della Pietà, 1, 80138 Napoli (NA)$m+39 081 2535850/1$m+39 081 2535833$nit AP1 8 $6866-05$aNA220 Biblioteca del Dipartimento di Economia e Politica Agraria. Università degli Studi Federico II di Napoli$eVia Università, 96, 80055 Portici (NA)$m081/2539113$m081/7755143$nit AP2 40$aacnp.cib.unibo.it$nACNP Italian Union Catalogue of Serials$uhttp://acnp.cib.unibo.it/cgi-ser/start/it/cnr/df-p.tcl?catno=11230&language=ITALIANO&libr=&person=&B=1&libr_th=unina&proposto=NO